000 00580nam a2200193Ia 4500
005 20250508162658.0
008 008 250505s9999 xx 000 0 eng d
020 _a81-85151-15-6
037 _aTextual
040 _aFEDL
_beng
_cFEDL
041 _aeng
_2eng
084 _a420.7, GAU
_qFEDL
100 _aGautam Kripa K
_9773791
245 0 _aEnglish language teaching: A critical study of methods and approaches
260 _aNew Delhi, India
_bHarman Publishing House
_c1988
300 _axi,252p
942 _cTEXL
_h420.7, GAU
999 _c1378015
_d1378015